00833nam a2200169 i 450000100060000000300090000600500170001500700030003200800410003511100740007624500930015026000600024330000200030350502710032371000380059485200310063220722ES-MaACL20230906152342.0t|021118s19681969sp ||||1| spa d2 aCongreso Internacional de Estudios Pirenaicos (n5º. d1966. cJaca)10aActas del Quinto Congreso Internacional de Estudios Pirenaicos b: Jaca, Pamplona, 1966. aJaca : bInstituto de Estudios Pirenaicos, c1968-1969. a3 v. ; c24 cm.8 aT. I. Geología, Morfología y Geofísica -- T. III. Prehistoria, Antropología y Etnología. Geografía, Historia del Arte y Derecho. Filología y Linguística -- T. IV. Actas generales. Crónica. Coloquio sobre la vida y economía pirenaica. Conclusiones2 aInstituto de Estudios Pirenaicos. aES-MaACLjP-1627 bR.69594